The state, technology and peasant differentiation in Zambia: a case study of the Southern Province, 1930-1986 (Record no. 76758)
[ view plain ]
| 000 -LEADER | |
|---|---|
| fixed length control field | 00997nam a2200193 a 4500 |
| 008 - FIXED-LENGTH DATA ELEMENTS--GENERAL INFORMATION | |
| fixed length control field | 120416s1988 ||||||||||||||||| || u |
| 020 ## - INTERNATIONAL STANDARD BOOK NUMBER | |
| International Standard Book Number | 9982802003 |
| 050 ## - LIBRARY OF CONGRESS CALL NUMBER | |
| Classification number | HD 1336 Chi |
| 100 ## - MAIN ENTRY--PERSONAL NAME | |
| Personal name | Chipungu, Samuel N |
| 245 14 - TITLE STATEMENT | |
| Title | The state, technology and peasant differentiation in Zambia: a case study of the Southern Province, 1930-1986 |
| 260 ## - PUBLICATION, DISTRIBUTION, ETC. | |
| Place of publication, distribution, etc. | Lusaka |
| Name of publisher, distributor, etc. | Historical Association of Zambia |
| Date of publication, distribution, etc. | 1988 |
| 300 ## - PHYSICAL DESCRIPTION | |
| Extent | xi, 259p. : ill. |
| 350 ## - | |
| -- | 0.00 |
| 650 #0 - SUBJECT ADDED ENTRY--TOPICAL TERM | |
| Topical term or geographic name entry element | AGRICULTURE AND STATE--ZAMBIA--SOUTHERN PROVINCE--HISTORY--20th CENTURY |
| 650 ## - SUBJECT ADDED ENTRY--TOPICAL TERM | |
| Topical term or geographic name entry element | AGRICULTURAL INNOVATIONS--ZAMBIA --SOUTHERN PROVINCE--HISTORY--20TH CENTURY |
| 650 ## - SUBJECT ADDED ENTRY--TOPICAL TERM | |
| Topical term or geographic name entry element | Peasantry - Zambia - Southern Province - History - 20th century |
| 995 ## - | |
| -- | SPECIAL COLLECTIONS |
| -- | 0.00 |
| -- | 725819 |
| -- | CBU-MAIN LIBRARY (Kitwe) |
| -- | 1 |
| -- | 1500.00 |
| -- | ZAM HD 1336 Chi |
| -- | 2 |
| -- | AVAILABLE |
| -- | 018663 |
| -- | Zambiana Collection |
| 995 ## - | |
| -- | SPECIAL COLLECTIONS |
| -- | 0.00 |
| -- | 725820 |
| -- | CBU-MAIN LIBRARY (Kitwe) |
| -- | 2 |
| -- | 1500.00 |
| -- | ZAM HD 1336 Chi |
| -- | 1 |
| -- | AVAILABLE |
| -- | 018661 |
| -- | Zambiana Collection |
| 999 ## - | |
| -- | 76758 |
| -- | 76758 |
| Withdrawn status | Lost status | Source of classification or shelving scheme | Damaged status | Not for loan | Permanent Location | Current Location | Shelving location | Date acquired | Total Checkouts | Full call number | Barcode | Date last seen | Copy number | Price effective from | Koha item type |
|---|---|---|---|---|---|---|---|---|---|---|---|---|---|---|---|
| CBU-MAIN LIBRARY, KITWE. | CBU-MAIN LIBRARY, KITWE. | 04/25/2023 | HD 1336 Chi | 018663 | 04/25/2023 | 1 | 04/25/2023 | SPECIAL COLLECTION | |||||||
| CBU-MAIN LIBRARY, KITWE. | CBU-MAIN LIBRARY, KITWE. | 04/25/2023 | HD 1336 Chi | 018661 | 04/25/2023 | 2 | 04/25/2023 | SPECIAL COLLECTION |